000
00212nam a2200109Ia 4500
100
_a
#N/A
942
_c
BK
245
_a
DigitJan 2013 BUILD Pages using :LyX
260
_b
#N/A
546
_a
ENGLISH
999
_c
26872
_d
26872